Responses for show #8294 - Thursday, December 3, 2020

Contestants

[<< previous game]

Fred Nelson, a university professor originally from Manhattan, Kansas

Morgan Steele, a theater manager from Berkeley, California

Leslie Minot, a grant writer from Las Vegas, Nevada (whose 1-day cash winnings total $2,700)

[next game >>]

Jeopardy! Round responses

NEW YORK CITIES' NICKNAMES
THE SECOND MILLENNIUM
VERB HOMOPHONES
KEEPING IT 100
DOLL "R"s
TO DONUTS
    $200 9
Gotham

Leslie
    $200 27
Islam

Leslie
    $200 1
heel/heal

Fred
    $200 6
boiling point

Leslie
    $200 21
R2-D2

Morgan
    $200 16
policemen

Fred
    $400 12
the Hudson

Morgan
    $400 13
cottage

Fred
    $400 2
(Morgan: What is crash?)

brake/break

LeslieMorgan
    $400 7
Billboard

Morgan
    $400 22
Rapunzel

Morgan
    $400 17
(Fred: What is icing?)

glaze

MorganFred
    $600 14
Niagara Falls

Fred
    $600 28
the class struggle

Triple Stumper
    $600 3
side/sighed

Triple Stumper
    $600 8
Wilt Chamberlain

Fred
    $600 23
Rocky (the Squirrel)

Morgan
    $600 18
Hanukkah

Morgan
    $1,000 15
(Fred: What is Newark?)

Buffalo

Fred
    $800 29
printing

Fred
    $800 4
[NOTE: Alex read "made" as "make".]

braid/brayed

Leslie
    $800 10
(Alex: I can smell the wood burning as you're doing the math.)

April 10th

Triple Stumper
    $800 24
Raggedy Andy

Leslie
    $800 19
(Morgan: What is a croner?)

a cake donut

MorganFred
    $1000 26
Rome

Triple Stumper
    $1000 30
the Berlin Airlift

Fred
    $1000 5
to meet/mete

Leslie
    $1000 11
Strom Thurmond

Fred
    $1000 25
Rainbow Brite

Fred
    $1000 20
(Fred: What is Scotland?)

the Salvation Army

Fred
Triple Stumper

Scores at the first commercial break (after clue 15):

Leslie Morgan Fred
$2,600 $400 $1,800

Scores at the end of the Jeopardy! Round:

Leslie Morgan Fred
$3,600 $1,800 $4,200

Double Jeopardy! Round responses

HEALTH & MEDICINE
SINGING FOR YOUR OSCAR
(Alex: Name the actor who sang each song in an Oscar-winning role.)
TRANSPORTATION
15-LETTER WORDS
POETIC CHARACTERS
FOREST CLUMP
    $400 17
(Morgan: What is emphysema?)

asthma

MorganFred
    $400 5
Anne Hathaway

Morgan
    $400 19
(Fred: What is a helicopter?)

a biplane

Fred
Triple Stumper
    $400 14
extracurricular

Morgan
    $400 7
(Leslie: Who is mighty [*]?)

Casey

Leslie
    $400 10
black

Leslie
    $800 18
ibuprofen

Leslie
    $800 1
Catherine Zeta-Jones

Fred
    $800 27
(Fred: What is [**]?)
(Alex: Yes, we'll accept that.)

Alaska (the Alaskan Highway)

Fred
    $800 20
(Fred: What is nationalizing?)

nationalization

LeslieFred
    $800 6
the Owl

Fred
    $800 12
dragon

Triple Stumper
    $1200 24
hormone replacement therapy

Leslie
    $1200 2
Jeff Bridges

Fred
    $1200 28
a barge

Morgan
    $1200 21
flirtatiousness

Leslie
    $2,000 8
Beowulf

Leslie
    $1200 13
the Petrified Forest

Leslie
    $2,000 25
(Leslie: What is... oh, I'm blanking on it.)

anemia

Leslie
    $1600 3
Emma Stone

Morgan
    $1600 30
(Fred: Who is Harvey?)

George Pullman

Fred
Triple Stumper
    $1600 22
incompatibility

Leslie
    $1600 9
Virgil

Fred
    $1600 15
Arden

Leslie
    $2000 26
diphtheria

Leslie
    $2000 4
Rex Harrison

Fred
    $2000 29
a gauge

Fred
    $2000 23
notwithstanding

Triple Stumper
    $2000 11
Ozymandias

Fred
    $2000 16
the Congo

Fred

Scores at the end of the Double Jeopardy! Round:

Leslie Morgan Fred
$14,800 $5,000 $15,000

[wagering suggestions for these scores]

Final Jeopardy! Round responses

19th CENTURY AMERICANS
MorganWho are Doc Holliday & Wyatt Earp? :)
$4,997
LeslieWho were Lee & Grant?
$14,700
FredWho are Lincoln & Douglas
$5,001
Lincoln & Douglas

Final scores:

Leslie Morgan Fred
$100 $3 $20,001
2nd place: $2,000 3rd place: $1,000 New champion: $20,001

Game dynamics:

Coryat scores:

Leslie Morgan Fred
$16,000 $5,000 $16,000
18 R
(including 1 DD),
1 W
(including 1 DD)
11 R,
3 W
20 R,
6 W
(including 1 DD)

Combined Coryat: $37,000

The J! Archive is created by fans, for fans. The Jeopardy! game show and all elements thereof, including but not limited to copyright and trademark thereto, are the property of Jeopardy Productions, Inc. and are protected under law. This website is not affiliated with, sponsored by, or operated by Jeopardy Productions, Inc. Join the discussion at JBoard.tv.